ARRUPE JESUIT UNIVERSITY

CORONAVIRUS -STOP THE SPREAD - CLEAN,DISINFECT,COVER

Introduction to the philosophy of science (Record no. 15519)

MARC details
000 -LEADER
fixed length control field 00557nam a2200229Ia 4500
003 - CONTROL NUMBER IDENTIFIER
control field 0100
008 - FIXED-LENGTH DATA ELEMENTS--GENERAL INFORMATION
fixed length control field 130303s9999 xx 000 0 und d
040 ## - CATALOGING SOURCE
Transcribing agency ARRUPELIB
050 ## - LIBRARY OF CONGRESS CALL NUMBER
Classification number Q175.O454 1989
300 ## - PHYSICAL DESCRIPTION
Other physical details 239 p.20 cm
100 ## - MAIN ENTRY--PERSONAL NAME
Personal name O'Hear, Anthony
245 ## - TITLE STATEMENT
Title Introduction to the philosophy of science
260 ## - PUBLICATION, DISTRIBUTION, ETC. (IMPRINT)
Place of publication, distribution, etc Oxford
260 ## - PUBLICATION, DISTRIBUTION, ETC. (IMPRINT)
Name of publisher, distributor, etc Clarendon Press
260 ## - PUBLICATION, DISTRIBUTION, ETC. (IMPRINT)
-- 1989
300 ## - PHYSICAL DESCRIPTION
Extent x
650 ## - SUBJECT ADDED ENTRY--TOPICAL TERM
Topical term following geographic name as entry element Oral tradition--Africa
650 ## - SUBJECT ADDED ENTRY--TOPICAL TERM
Location of event Africa--History
650 ## - SUBJECT ADDED ENTRY--TOPICAL TERM
Active dates Africa--Hiatoriography
700 ## - ADDED ENTRY--PERSONAL NAME
Personal name Anthony O'Hear
942 00 - ADDED ENTRY ELEMENTS (KOHA)
Koha issues (borrowed), all copies 16
Holdings
Withdrawn status Lost status Source of classification or shelving scheme Damaged status Not for loan Collection code Home library Current library Shelving location Date acquired Total Checkouts Full call number Barcode Date last seen Date checked out Copy number Price effective from Koha item type
    Library of Congress Classification     Main Collection ARRUPE LIBRARY ARRUPE LIBRARY   04/03/2013 21 Q175.O454 1989 46003086877 04/09/2019 19/08/2019 1 04/03/2013 Monograph ( Printed materials)
    Library of Congress Classification     Main Collection ARRUPE LIBRARY ARRUPE LIBRARY   04/03/2013 11 Q175.O4541989 46003093978 12/06/2024 13/05/2024 2 04/03/2013 Monograph ( Printed materials)

 

Arrupe Library. PO Box MP320 Mt Pleasant, Harare, Zimbabwe
263 242 745411|librarian@aju.ac.zw